000 01989nam0a2200409 4500
001 RU\NLR\bibl\1123801
005 20250615065529.0
021 _aRU
_b2007-48219
_92560
035 _a(nilc)EL/0000129331
035 _aRSL-KNO-003147984
035 _a(NLR Aleph) 001110750
090 _a1236534
_c1236534
100 _a20070613d2007 |||y0rusy50 ca
101 0 _arus
102 _aRU
105 _aa |||||||||
200 1 _aИнвестиционные ресурсы нефтехимического комплекса
_fО. В. Боговик, Н. А. Пахолков, З. С. Ахмедов
_gФедер. агентство по образованию, Волог. гос. техн. ун-т [и др.]
210 _aВологда
_cВоГТУ [и др.]
_d2007
215 _a143 с.
_cил., табл.
_d20
300 _aВ надзаг. также: Череповец. фил. С.-Петерб. гос. политехн. ун-та, Череповец. фил. С.-Петерб. инж.-экон. ун-та
320 _aБиблиогр.: с. 106-114 (150 назв.)
606 1 _aНефтехимические комплексы
_yРоссийская Федерация
_92262294
_3RU\NLR\auth\661356376
606 1 _aНефтехимическая промышленность
_xИнвестиции капитала
_yРоссийская Федерация
_92486351
_3RU\NLR\auth\661475604
686 _aУ9(2)305.652.520-56,0
_2rubbk
686 _aУ30(2)565.252-434(2Р)
686 _aУ30(2)565.252-56(2Р)
700 1 _aБоговик
_bО. В.
_gОльга Владимировна
_4070
701 1 _aПахолков
_bН. А.
_gНиколай Александрович
_4070
701 1 _aАхмедов
_bЗ. С.
_gЗакир Сохрабович
801 0 _aRU
_bNLR
_c20070613
_grcr
801 1 _aRU
_bNLR
_c20070613
801 1 _aRU
_bРГБ
_c20070613
801 2 _aRU
_bNLR
_c20070904
_grcr
942 _cBOOK
980 _aNB
980 _aNBR